Ozhivudivasathe Kali (Record no. 125276)

MARC details
000 -LEADER
fixed length control field 00416nam a2200133Ia 4500
008 - FIXED-LENGTH DATA ELEMENTS--GENERAL INFORMATION
fixed length control field 211122s9999||||xx |||||||||||||| ||und||
082 ## - DEWEY DECIMAL CLASSIFICATION NUMBER
Classification number 894.812
Item number UNN-O
100 ## - MAIN ENTRY--PERSONAL NAME
Personal name Unni R
245 #0 - TITLE STATEMENT
Title Ozhivudivasathe Kali
260 ## - PUBLICATION, DISTRIBUTION, ETC.
Name of publisher, distributor, etc. Mathrubhumi Books
Place of publication, distribution, etc. Kozhikode
630 ## - SUBJECT ADDED ENTRY--UNIFORM TITLE
General subdivision General Stack
650 ## - SUBJECT ADDED ENTRY--TOPICAL TERM
Topical term or geographic name entry element LITERATURE AND RHETORIC
942 ## - ADDED ENTRY ELEMENTS (KOHA)
Koha item type BOOK
650 ## - SUBJECT ADDED ENTRY--TOPICAL TERM
Form subdivision LITERATURE OF OTHER LANGUAGESALTAIC,URALIC,HYPERBOREAN AND DRAVIDIANMalayalam
Holdings
Withdrawn status Lost status Source of classification or shelving scheme Damaged status Not for loan Home library Current library Date acquired Cost, normal purchase price Total Checkouts Full call number Barcode Shelving location Date last seen Date last checked out Price effective from Koha item type
    Dewey Decimal Classification     SB LIBRARY SB LIBRARY 22/11/2021 80.00 3 894.8123 UNN-O 00138945 GENERAL STACK 03/04/2025 25/03/2025 22/11/2021 BOOK

Powered by Koha